000 00467nam a2200193Ia 4500
005 20240823014522.0
008 240823s9999||||xx |||||||||||||| ||und||
020 _a81-7808-604-2
041 _aENGLISH
082 _A005.1 P4
100 _a"Lewis,Daniel W"
245 0 _aFundamentals of Embedded Software
250 _a1st
260 _c2004
_b"Pearson ,Sing"
500 _aYES
650 _aSoftware
_bInformation Technology
942 _cBK
999 _c170270
_d170270